Statistics for US Presidents 1-15

Click here to take the quiz!

General Stats

  • This quiz has been taken 26 times
  • The average score is 12 of 15

Answer Stats

HintAnswer% Correct
1George Washington
100%
2John Adams
95%
6John Quincy Adams
95%
3Thomas Jefferson
95%
4James Madison
91%
5James Monroe
91%
7Andrew Jackson
82%
11James K. Polk
77%
8Martin Van Buren
77%
10James Tyler
73%
9William Henry Harrison
73%
12Zachary Taylor
73%
15James Buchanan
64%
14Franklin Pierce
50%
13Millard Fillmore
45%

Score Distribution

Percentile by Number Answered

Percent of People with Each Score

Your Score History

You have not taken this quiz